|
|
|
|
| LEADER |
00000nab a2200000 4500 |
| 001 |
vtls012053513 |
| 003 |
SK-MaSNL |
| 005 |
20260303210242.0 |
| 008 |
210511|2021 xo |||| ||an ||00 0|slo |
| 015 |
|
|
|a SNBRB2021/05
|
| 040 |
|
|
|a SPKCL
|b slo
|e rda
|
| 041 |
|
|
|a slo
|b eng
|
| 044 |
|
|
|a xo
|c SK
|
| 072 |
|
7 |
|a 316.7
|x Sociológia kultúry. Kultúrny živo
|2 konspekt
|
| 080 |
|
|
|a 316.772.4:37
|2 2011
|
| 100 |
1 |
|
|a Borisová, Simona
|4 aut
|9 1241740
|
| 245 |
1 |
0 |
|a Význam dialógu vo výchove a uplatnenie filozofického dialógu v neformálnej edukácií
|c Simona Borisová, Gábor Pintes
|
| 300 |
|
|
|b Tabuľky
|
| 336 |
|
|
|a text
|b txt
|2 rdacontent
|
| 337 |
|
|
|a bez média
|b n
|2 rdamedia
|
| 338 |
|
|
|a zväzok
|b nc
|2 rdacarrier
|
| 504 |
|
|
|a Obsahuje bibliografiu
|
| 546 |
|
|
|a Anglické resumé
|
| 650 |
0 |
7 |
|a pedagogická komunikácia
|2 SNKPH
|9 956
|
| 650 |
0 |
7 |
|a dialóg
|2 SNKPH
|9 28844
|
| 650 |
0 |
7 |
|a diskusie
|2 SNKPH
|9 4966
|
| 700 |
1 |
|
|a Pintes, Gábor,
|d 1974-
|4 aut
|9 395772
|
| 773 |
0 |
|
|t Edukácia (online )
|g Roč. 4, č. 1 (2021), s. 24-30
|x 1339-8725
|
| 856 |
4 |
1 |
|u www.upjs.sk/edukacia/
|
| 958 |
|
|
|a NB
|
| 999 |
|
|
|c 2199487
|d 2201417
|